Tous les personnages de Super Smash Bros Ultimate - Statistiques

Statistiques générales
  • Ce quiz a été pris 53 fois
  • Le résultat moyen est 35 sur 81
Statistiques - réponses
Combattants % Correct
Mario
100%
Luigi
91%
Bowser
89%
Peach
87%
Link
85%
Donkey Kong
80%
Daisy
78%
Kirby
74%
Zelda
72%
Samus
70%
Wario
70%
Diddy Kong
67%
Samus sans armure
63%
Link cartoon
59%
Link enfant
59%
Ness
59%
Pikachu
59%
Yoshi
59%
Ken
57%
Marth
57%
Ganondorf
54%
Meta knight
54%
Sheik
52%
Ryu
50%
Dresseur Pokémon
48%
Fox
48%
Lucas
48%
Lucina
48%
Pichu
48%
Rondoudou
48%
Steve
48%
Falco
46%
Plante Piranha
46%
R.O.B
46%
Roi Dadidou
46%
Bowser Jr
43%
Félinferno
43%
Lucario
43%
Docteur Mario
41%
Ike
41%
Joker
41%
Pit
41%
Ridley
41%
Roy
41%
Harmonie
39%
Ice climbers
39%
King K Rool
39%
Pac Man
39%
Villageois
39%
Marie
37%
Olimar
37%
Mii
35%
Cloud
33%
Palutena
33%
Snake
33%
Wolf
33%
Bayonneta
30%
Bylleth
30%
Chrom
30%
Corrin
30%
Dark Samus
28%
Sora
28%
Daren
24%
Duo Duck Hunt
24%
Kazuya
24%
Mr game and Watch
24%
Sephiroth
24%
Shulk
24%
Little Mac
22%
Pit Maléfique
22%
Simon
22%
Héros
20%
Megaman
20%
Mewto
20%
Min Min
20%
Pyra / Mythra
17%
Richter
17%
Amphinobie
11%
Inkling
11%
Terry
11%
Bandjo et kazooie
2%
Aucun quiz correspondant
Distribution des résultats
% des personnes avec chaque résultat
Percentile par nombre de réponses
Votre historique - résultats
Vous n’avez pas pris ce quiz